000 00382nam a2200145Ia 4500
008 100122s9999 xx 000 0 und d
082 _b70311
_a823
100 _aनाईक गुरुनाथ
245 _aसरताज
260 _bगीता एजन्सीज
_c2006
300 _a160
630 _aसरताज
730 _aसरताज
942 _cBOOK
999 _c441278
_d441275